00723nam a2200205 a 450000100060000000300080000600500170001400800410003103500200007204000410009204100080013308200260014110000520016724500670021926000470028630000230033350400870035665000330044365000410047641767BD-RjUL20211209053439.0160606s1956 nyu b 000 0 eng  a(BD-RjUL) 41885 aDLCcDLCdDLCdOCoLCd(BD-RjUL)beng aeng00a323.32223bMIW 1956 1 aMills, C. Wrightq(Charles Wright),d1916-1962.10aWhite collar :bthe American middle classes.c C. Wright Mills aNew York,bOxford University Press,c1956. axx, 378 p.c22 cm. aBibliographical references included in "Acknowledgements and sources" (p. 355-363) 0aMiddle classzUnited States. 0aWhite collar workerszUnited States.